000 00985nam a22003011 4500
001 24860
003 BD-RjUL
005 20211209001116.0
008 140315s1960 stkabcf b 001 0 eng c
035 _a(BD-RjUL)24929
035 _a(OCoLC)407522
040 _aRochester. Univ. Libr.
_cODaWU
_dOCoLC
_dUk
_dDLC
_dBD-RjUL
_beng
041 _aeng
082 _a942.082
_bPEM 1960
100 1 _aPelling, Henry.
_910433
245 1 0 _aModern Britain, 1885-1955 /
_cHenry Pelling
260 _aEdinburgh :
_bT. Nelson,
_cc1960.
300 _axii, 212 p. :
_bill., plates, ports., maps, diagrs., tables. ;
_c23 cm.
490 1 _aA History of England,
_vv. 8
504 _aBibliography: p. 199-201. and index.
651 0 _aGreat Britain
_xHistory
_yVictoria, 1837-1901.
_976508
651 0 _aGreat Britain
_xHistory
_y20th century.
_917470
830 0 _vv. 8.
_976522
830 0 _aHistory of England series ;
_976523
942 _2ddc
_cBK
999 _c24860
_d24860